[Event "XVIII Festival"]
[Site "Arco ITA"]
[Date "1996.10.??"]
[Round "6"]
[White "Borgo, Giulio"]
[Black "Kievelitz, Bernd"]
[Result "1-0"]
[WhiteElo "2375"]
[BlackElo "2145"]
[PlyCount "111"]
[EventDate "1996.10.28"]

1. e4 c5 2. Nf3 e6 3. c4 Nc6 4. Nc3 d6 5. d4 cxd4 6. Nxd4 a6 7. Be3 Nf6 8. Be2
Be7 9. O-O Nxd4 10. Qxd4 Bd7 11. Rfd1 O-O 12. Rac1 Bc6 13. b4 e5 14. Qd3 b6 15.
f3 h6 16. Bf1 Qb8 17. Qc2 Rc8 18. Qf2 Bd8 19. a4 Bd7 20. Bd3 Be6 21. Qe2 Qc7
22. Nd5 Qb7 23. Nc3 Qc7 24. Nb1 Qb7 25. Nc3 Qc7 26. Qd2 Ne8 27. Bf1 Qb7 28. Nd5
Rab8 29. h3 Bd7 30. Qa2 Be6 31. Kh2 Kh7 32. Be2 Kh8 33. Rb1 Ra8 34. Qa3 Rab8
35. Bf1 Ra8 36. c5 dxc5 37. bxc5 Bxd5 38. exd5 b5 39. axb5 axb5 40. Qb3 b4 41.
Qxb4 Qxb4 42. Rxb4 Nc7 43. Rb7 f5 44. Bc4 Ra3 45. Bb3 Na6 46. c6 Bf6 47. Rc1 e4
48. fxe4 Be5+ 49. g3 fxe4 50. Rc4 Re8 51. Kg2 Bd6 52. Ra4 Rxa4 53. Bxa4 Nc7 54.
Bb3 g5 55. Bc4 Kg7 56. Bd4+ 1-0

[Event "XVIII Festival"]
[Site "Arco ITA"]
[Date "1996.10.??"]
[Round "6"]
[White "Cugini, Verter"]
[Black "Ortega, Lexy"]
[Result "0-1"]
[WhiteElo "2255"]
[BlackElo "2495"]
[PlyCount "70"]
[EventDate "1996.10.28"]

1. e4 c5 2. g3 Nc6 3. Bg2 g6 4. Ne2 Bg7 5. O-O d6 6. c3 e5 7. d3 Nge7 8. Be3
O-O 9. Qd2 Be6 10. Rd1 Na5 11. Bh6 Rc8 12. Bxg7 Kxg7 13. b3 d5 14. d4 dxe4 15.
dxe5 e3 16. fxe3 Qc7 17. Na3 Rfd8 18. Qe1 Qxe5 19. Nf4 Bg4 20. Rxd8 Rxd8 21.
Nc4 Nxc4 22. bxc4 b6 23. Nd5 Re8 24. Rc1 Nxd5 25. cxd5 Qxe3+ 26. Qxe3 Rxe3 27.
h3 Bd7 28. Kf2 Rd3 29. Rc2 h5 30. c4 Kf6 31. Re2 Rd4 32. Kg1 Rxc4 33. Rf2+ Kg7
34. Re2 Kf8 35. Kh2 Rd4 0-1

[Event "XVIII Festival"]
[Site "Arco ITA"]
[Date "1996.10.??"]
[Round "6"]
[White "Genocchio, Daniele"]
[Black "Bevilacqua, Maurizio"]
[Result "1/2-1/2"]
[WhiteElo "2131"]
[BlackElo "2065"]
[PlyCount "99"]
[EventDate "1996.10.28"]

1. e4 Nf6 2. d3 d6 3. f4 g6 4. Nf3 Bg7 5. Be2 O-O 6. c3 c5 7. c4 Nc6 8. O-O a6
9. Nc3 Nd4 10. Nxd4 cxd4 11. Nb1 Nd7 12. Bf3 Rb8 13. Na3 b5 14. b3 b4 15. Nc2
Nc5 16. Qe2 e5 17. Bd2 a5 18. Rab1 f5 19. Ne1 Bb7 20. h3 Qh4 21. exf5 gxf5 22.
Bxb7 Rxb7 23. Nf3 Qg3 24. fxe5 dxe5 25. Be1 Qg6 26. Bf2 Qd6 27. Bg3 Re7 28. Nd2
Bh6 29. Rbe1 Be3+ 30. Bf2 f4 31. Bxe3 dxe3 32. Ne4 Nxe4 33. dxe4 Qc6 34. Qf3
Rg7 35. g4 h5 36. Re2 Rd8 37. Rg2 h4 38. Rd1 Rgd7 39. Rd5 Rxd5 40. exd5 Qc5 41.
Re2 Qd4 42. g5 Kg7 43. Qh5 Qd1+ 44. Kh2 Rd6 45. g6 Rxg6 46. Qxe5+ Kh7 47. Qh5+
Kg7 48. Qe5+ Kh7 49. Qh5+ Kg7 50. Qe5+ 1/2-1/2

[Event "XVIII Festival"]
[Site "Arco ITA"]
[Date "1996.10.??"]
[Round "6"]
[White "Grosar, Kiti"]
[Black "Wells, Peter K."]
[Result "0-1"]
[WhiteElo "2195"]
[BlackElo "2475"]
[PlyCount "118"]
[EventDate "1996.10.28"]

1. e4 e5 2. Nf3 Nc6 3. d4 exd4 4. Nxd4 Nf6 5. Nxc6 bxc6 6. e5 Qe7 7. Qe2 Nd5 8.
c4 Nb6 9. Nc3 Qe6 10. Qe4 Bb4 11. Bd2 Ba6 12. b3 Bxc3 13. Bxc3 d5 14. cxd5 cxd5
15. Qb4 Bxf1 16. Kxf1 a5 17. Qc5 Nd7 18. Qxc7 O-O 19. Qd6 Rfc8 20. Qxe6 fxe6
21. Bd4 Rc2 22. g3 Nb8 23. Kg2 Nc6 24. Rhd1 Rf8 25. Bb6 d4 26. Rf1 Rf7 27. Rac1
Rfxf2+ 28. Rxf2 Rxc1 29. Rd2 d3 30. Rxd3 Rc2+ 31. Kh3 Nxe5 32. Re3 Nd7 33. Rxe6
Kf7 34. Rd6 Ke7 35. Rxd7+ Kxd7 36. Bxa5 Rxa2 37. Bc3 g6 38. Bd4 Ke6 39. Bc5 h5
40. g4 hxg4+ 41. Kg3 Kf5 42. b4 Rd2 43. Bb6 Rb2 44. Bc5 Rb3+ 45. Kg2 Ke4 46.
Bd6 Rd3 47. Bc7 Rd7 48. Ba5 Rd2+ 49. Kg3 Rb2 50. Bc7 Rxb4 51. Kxg4 Rb5 52. Bf4
Rf5 53. Bg3 Kd5 54. Bf4 Ke6 55. Bg3 Rb5 56. h4 Rb4+ 57. Bf4 Kf6 58. Kg3 Kf5 59.
Bg5 Rb3+ 0-1

[Event "XVIII Festival"]
[Site "Arco ITA"]
[Date "1996.10.??"]
[Round "6"]
[White "Sermek, Drazen"]
[Black "Zlochevskij, Alexander"]
[Result "1/2-1/2"]
[WhiteElo "2550"]
[BlackElo "2415"]
[PlyCount "81"]
[EventDate "1996.10.28"]

1. e4 e6 2. d4 d5 3. Nd2 c5 4. exd5 exd5 5. Ngf3 Nf6 6. Bb5+ Bd7 7. Bxd7+ Nbxd7
8. O-O Be7 9. dxc5 Nxc5 10. Nb3 Nce4 11. Nfd4 Qd7 12. f3 Nd6 13. Nc5 Qc7 14.
Nd3 O-O 15. Bf4 Qb6 16. Be3 Qc7 17. Kh1 Rfe8 18. Bf2 a6 19. Qd2 Rac8 20. Qf4 g6
21. g4 Nc4 22. Qxc7 Rxc7 23. Rfe1 Bf8 24. Bh4 Bg7 25. g5 Rxe1+ 26. Rxe1 Nh5 27.
Re8+ Bf8 28. Bf2 Kg7 29. Be1 Nd6 30. Re5 h6 31. h4 hxg5 32. hxg5 Nc4 33. Rxd5
Ne3 34. Rd8 Be7 35. Re8 Bxg5 36. Bc3 Nf6 37. Re5 Bh6 38. Nc5 Kg8 39. Ne4 Ned5
40. Ba5 Rc4 41. Nxf6+ 1/2-1/2

[Event "XVIII Festival"]
[Site "Arco ITA"]
[Date "1996.10.??"]
[Round "6"]
[White "Sprotte, Norbert"]
[Black "Cattoni, Manuel"]
[Result "0-1"]
[WhiteElo "2240"]
[BlackElo "2065"]
[PlyCount "100"]
[EventDate "1996.10.28"]

1. d4 d5 2. Nf3 Nf6 3. c3 Bf5 4. Qb3 Qc8 5. Bg5 Nbd7 6. e3 e6 7. Nbd2 Bd6 8.
Nh4 Bg6 9. Nxg6 hxg6 10. c4 c6 11. Rc1 Bc7 12. Qc2 Qd8 13. cxd5 exd5 14. Bd3
Nf8 15. Qb3 Rb8 16. Qa4 Ne6 17. Bxf6 Qxf6 18. Qxa7 Qg5 19. Bf1 O-O 20. Nf3 Qe7
21. Qa4 Ra8 22. Qb3 Ba5+ 23. Kd1 c5 24. Bb5 c4 25. Qc2 Ng5 26. Nxg5 Qxg5 27.
Ke2 f5 28. g3 Qh5+ 29. f3 Qh3 30. Kf2 g5 31. a4 f4 32. exf4 gxf4 33. Qg6 Bd2
34. Rc3 Bxc3 35. bxc3 fxg3+ 36. Qxg3 Qf5 37. Rc1 Qd3 38. Rg1 Rxf3+ 39. Qxf3 Rf8
40. Qxf8+ Kxf8 41. Rg3 Qd2+ 42. Kg1 g5 43. Bd7 Ke7 44. Bc8 b6 45. Bb7 Kd6 46.
Rf3 Qd1+ 47. Kg2 Qxa4 48. Kg3 Qc2 49. Ba6 Qb1 50. Rf6+ Ke7 0-1

[Event "XVIII Festival"]
[Site "Arco ITA"]
[Date "1996.10.??"]
[Round "6"]
[White "Sulava, Nenad"]
[Black "Rossi, Giampiero"]
[Result "1-0"]
[WhiteElo "2430"]
[BlackElo "2105"]
[PlyCount "65"]
[EventDate "1996.10.28"]

1. d4 d5 2. c4 e6 3. Nf3 Nf6 4. Bg5 Nbd7 5. Nc3 c6 6. e3 Qa5 7. cxd5 Nxd5 8.
Qd2 Nxc3 9. bxc3 Nb6 10. Bd3 Nd5 11. Rc1 Nxc3 12. O-O Bb4 13. a3 Qxa3 14. Bxh7
Na2 15. Qc2 Nxc1 16. Bg6 Ne2+ 17. Kh1 Bd6 18. Qxe2 fxg6 19. Qc2 Kf7 20. Bh4 Rh6
21. Bg3 Bd7 22. Rb1 Bxg3 23. fxg3 b6 24. Ne5+ Ke7 25. Nc4 Qa6 26. Qc3 Qc8 27.
d5 Qf8 28. dxc6 Bxc6 29. Ne5 Bxg2+ 30. Kg1 Rc8 31. Qa3+ Ke8 32. Qa4+ Ke7 33.
Qxa7+ 1-0

[Event "XVIII Festival"]
[Site "Arco ITA"]
[Date "1996.10.??"]
[Round "6"]
[White "Wohl, Aleksandar H."]
[Black "Sebastianelli, Diego"]
[Result "1-0"]
[WhiteElo "2400"]
[BlackElo "2305"]
[PlyCount "67"]
[EventDate "1996.10.28"]

1. g3 d5 2. Bg2 g6 3. c4 dxc4 4. Na3 Nf6 5. Nxc4 Bg7 6. Nf3 O-O 7. O-O Nbd7 8.
d3 c6 9. Bg5 Nb6 10. Na5 Nbd5 11. Bd2 Re8 12. e4 Nb6 13. Bc3 Nbd7 14. Qc2 e5
15. Rad1 Qc7 16. Nc4 a5 17. d4 exd4 18. Rxd4 c5 19. Rdd1 Nxe4 20. Bxg7 Kxg7 21.
Nh4 Nef6 22. Nd6 Re6 23. Qd2 Ra6 24. Qg5 Raxd6 25. Nf5+ Kf8 26. Qh6+ Ke8 27.
Nxd6+ Rxd6 28. Qf4 Rc6 29. Bxc6 Qxc6 30. Rfe1+ Kf8 31. Rd6 Qc7 32. Rxf6 Qxf4
33. Rxf4 Nb6 34. Re5 1-0

[Event "XVIII Festival"]
[Site "Arco ITA"]
[Date "1996.10.??"]
[Round "7"]
[White "Bonomi, Maurizio"]
[Black "Borgo, Giulio"]
[Result "0-1"]
[WhiteElo "2265"]
[BlackElo "2375"]
[PlyCount "94"]
[EventDate "1996.10.28"]

1. c4 Nf6 2. Nc3 c5 3. g3 d5 4. cxd5 Nxd5 5. Bg2 Nc7 6. d3 g6 7. Be3 Ne6 8. h4
h5 9. Qd2 Bg7 10. Rc1 Na6 11. Nh3 Rb8 12. O-O b6 13. Bc6+ Bd7 14. Bg2 Nac7 15.
Nd5 Nxd5 16. Bxd5 Nd4 17. Bxd4 Bxd4 18. Ng5 e6 19. Bg2 a5 20. e3 Bg7 21. d4
cxd4 22. exd4 O-O 23. d5 e5 24. f4 b5 25. fxe5 Bxe5 26. Qf2 Qb6 27. Qxb6 Rxb6
28. Kh2 b4 29. b3 a4 30. Rce1 f6 31. Nf3 Bc3 32. Re7 Rf7 33. Rxf7 Kxf7 34. Ng5+
Ke7 35. Ne4 axb3 36. axb3 f5 37. Nc5 Bb5 38. Rd1 Kd6 39. Ne6 Ra6 40. Nf4 Ra1
41. Rxa1 Bxa1 42. Nxg6 Bd3 43. Nf4 Bc2 44. Nxh5 Bxb3 45. Nf4 Bc2 46. h5 b3 47.
Ne2 Be5 0-1

[Event "XVIII Festival"]
[Site "Arco ITA"]
[Date "1996.10.??"]
[Round "7"]
[White "Gaborit, Jean-Pierre"]
[Black "Sermek, Drazen"]
[Result "0-1"]
[WhiteElo "2245"]
[BlackElo "2550"]
[PlyCount "54"]
[EventDate "1996.10.28"]

1. d4 d5 2. Nf3 c5 3. dxc5 e6 4. e4 Bxc5 5. Bb5+ Nc6 6. O-O Nf6 7. Bg5 Qb6 8.
Bxf6 gxf6 9. exd5 Qxb5 10. Nc3 Qa6 11. dxc6 Qxc6 12. Nd4 Qd7 13. Nb3 Qxd1 14.
Rfxd1 Bb6 15. Rd3 Bd7 16. Ne4 Ke7 17. Re1 Bb5 18. Rd2 Rad8 19. Red1 Rxd2 20.
Rxd2 Bc6 21. Nc3 Rg8 22. g3 Rg4 23. Kf1 h5 24. Ne2 e5 25. Nc3 Ke6 26. Ke2 h4
27. Rd1 f5 0-1

[Event "XVIII Festival"]
[Site "Arco ITA"]
[Date "1996.10.??"]
[Round "7"]
[White "Ortega, Lexy"]
[Black "Grosar, Kiti"]
[Result "1/2-1/2"]
[WhiteElo "2495"]
[BlackElo "2195"]
[PlyCount "86"]
[EventDate "1996.10.28"]

1. d4 Nf6 2. c4 g6 3. Nc3 Bg7 4. e4 d6 5. Bd3 Nc6 6. Nge2 O-O 7. O-O e5 8. d5
Ne7 9. Rb1 Nh5 10. Be3 f5 11. exf5 gxf5 12. f4 Ng6 13. Qd2 Qh4 14. Nd1 exf4 15.
Nxf4 Ngxf4 16. Bxf4 Nxf4 17. Qxf4 Qh5 18. Qf3 Qh6 19. Nc3 Bd4+ 20. Kh1 Be5 21.
g3 Bd7 22. Ne2 Rae8 23. Rf2 Kh8 24. b3 Re7 25. Rbf1 c6 26. Qg2 Ref7 27. Nf4 Rg8
28. Rf3 Rfg7 29. Qf2 Bxf4 30. Rxf4 Rxg3 31. Bxf5 Bxf5 32. Rxf5 Rd3 33. Rf8 Rxf8
34. Qxf8+ Qxf8 35. Rxf8+ Kg7 36. Rb8 cxd5 37. Rxb7+ Kg6 38. cxd5 Rd1+ 39. Kg2
Rd2+ 40. Kf3 Rxa2 41. Rd7 Rxh2 42. Ke4 Rh4+ 43. Kd3 Kf5 1/2-1/2

[Event "XVIII Festival"]
[Site "Arco ITA"]
[Date "1996.10.??"]
[Round "7"]
[White "Sebastianelli, Diego"]
[Black "Sulava, Nenad"]
[Result "1-0"]
[WhiteElo "2305"]
[BlackElo "2430"]
[PlyCount "81"]
[EventDate "1996.10.28"]

1. e4 c5 2. Nf3 a6 3. c4 e6 4. d4 cxd4 5. Nxd4 Qc7 6. Nc3 b6 7. Be3 Bb7 8. Be2
Nf6 9. f3 Bd6 10. Qd2 Bb4 11. Rc1 O-O 12. O-O Nc6 13. a3 Nxd4 14. Bxd4 Bd6 15.
Kh1 Bf4 16. Be3 Bxe3 17. Qxe3 d6 18. b4 Rac8 19. Rfd1 Rfd8 20. Na4 Nd7 21. Qd2
Bc6 22. b5 Ba8 23. Qxd6 Qxd6 24. Rxd6 axb5 25. Rxd7 bxa4 26. Rxd8+ Rxd8 27. Rb1
Bc6 28. Rxb6 Be8 29. Rb2 Kf8 30. Kg1 Ke7 31. Kf2 e5 32. Ke3 Rd4 33. Rb6 g6 34.
Bd3 f5 35. exf5 gxf5 36. g3 Bf7 37. Rb4 f4+ 38. gxf4 Rxf4 39. Bxh7 Bxc4 40. Bd3
Bxd3 41. Rxf4 1-0

[Event "XVIII Festival"]
[Site "Arco ITA"]
[Date "1996.10.??"]
[Round "7"]
[White "Wahls, Matthias"]
[Black "Grosar, Aljosa"]
[Result "1-0"]
[WhiteElo "2540"]
[BlackElo "2485"]
[PlyCount "76"]
[EventDate "1996.10.28"]

1. e4 c5 2. Nf3 d6 3. d4 cxd4 4. Nxd4 Nf6 5. Nc3 Nc6 6. Bg5 Bd7 7. Be2 Qa5 8.
Bxf6 gxf6 9. O-O Nxd4 10. Qxd4 Rc8 11. a4 Qc5 12. Qd2 a6 13. Nd5 Qxc2 14. Qe3
Qc5 15. Qf4 Bg7 16. Rfd1 Qa5 17. Nxe7 Rc2 18. Nd5 Be6 19. Qg3 O-O 20. b4 Qd8
21. Bg4 Kh8 22. Rab1 Qc8 23. h3 f5 24. Bxf5 Bxf5 25. exf5 Be5 26. Qd3 Qc6 27.
f4 Rg8 28. Rd2 Rxd2 29. Qxd2 Bg7 30. a5 Re8 31. Rc1 Qd7 32. Qd3 Qa4 33. Kh2 h6
34. f6 Bf8 35. Rc7 Qb5 36. Qxb5 axb5 37. Rxb7 h5 38. a6 Ra8 1-0

[Event "XVIII Festival"]
[Site "Arco ITA"]
[Date "1996.10.??"]
[Round "7"]
[White "Zlochevskij, Alexander"]
[Black "Cattoni, Manuel"]
[Result "1-0"]
[WhiteElo "2415"]
[BlackElo "2065"]
[PlyCount "67"]
[EventDate "1996.10.28"]

1. d4 d5 2. c4 e6 3. Nf3 Nf6 4. g3 c5 5. Bg2 Nc6 6. O-O Be7 7. dxc5 Bxc5 8. a3
O-O 9. Qc2 dxc4 10. Qxc4 Bb6 11. Nc3 e5 12. Bg5 h6 13. Rfd1 Bxf2+ 14. Kxf2 Qb6+
15. Be3 Qxb2 16. Na4 Ng4+ 17. Qxg4 Qxa1 18. Qxg7+ Kxg7 19. Rxa1 e4 20. Nd4 Ne5
21. Bf4 Ng4+ 22. Kg1 f5 23. e3 b6 24. Bf1 Bd7 25. Nc3 Rac8 26. Nd5 Rc5 27. Nc7
Rxc7 28. Bxc7 Nxe3 29. Ba6 Nd5 30. Be5+ Kg6 31. Ne2 Kg5 32. Rc1 Be6 33. Nf4
Nxf4 34. Bxf4+ 1-0

[Event "XVIII Festival"]
[Site "Arco ITA"]
[Date "1996.10.??"]
[Round "8"]
[White "Astengo, Marcello"]
[Black "Dalponte, Dino"]
[Result "0-1"]
[WhiteElo "2115"]
[BlackElo "2210"]
[PlyCount "116"]
[EventDate "1996.10.28"]

1. d4 d5 2. Nf3 c6 3. Bf4 Nf6 4. e3 Bg4 5. Bd3 e6 6. Nbd2 Nbd7 7. c3 Nh5 8. Qc2
Nxf4 9. exf4 Qf6 10. g3 Bf5 11. Bxf5 Qxf5 12. Qxf5 exf5 13. O-O f6 14. Rfd1 Kf7
15. Nf1 Be7 16. Ne3 g6 17. c4 Nb6 18. c5 Nd7 19. Rd3 Rhc8 20. Rc1 Nf8 21. Nc2
Ne6 22. Re1 Bf8 23. Rb1 Re8 24. b4 a6 25. a4 Kg8 26. b5 axb5 27. axb5 Rec8 28.
bxc6 bxc6 29. Rb7 Bxc5 30. dxc5 Nxc5 31. Rdb3 Nxb3 32. Rxb3 c5 33. Ne3 Rd8 34.
Rb5 Ra1+ 35. Kg2 Rc1 36. Nd2 Kf8 37. Kf3 Ke8 38. Ke2 Kd7 39. Rb7+ Kc6 40. Rxh7
c4 41. h4 Re8 42. Kf3 Rc3 43. Kg2 Rexe3 44. fxe3 Rc2 45. Kf3 Rxd2 46. h5 gxh5
47. Rxh5 c3 48. Rh1 c2 49. Rc1 Kc5 50. g4 fxg4+ 51. Kxg4 Kc4 52. Kf5 Kc3 53.
Kxf6 Rd1 54. Rxc2+ Kxc2 55. Ke5 Kc3 56. f5 Kc4 57. f6 Rf1 58. Ke6 Rf3 0-1

[Event "XVIII Festival"]
[Site "Arco ITA"]
[Date "1996.10.??"]
[Round "8"]
[White "Cugini, Verter"]
[Black "Luciani, Valerio"]
[Result "0-1"]
[WhiteElo "2255"]
[BlackElo "2180"]
[PlyCount "48"]
[EventDate "1996.10.28"]

1. e4 e6 2. d4 d5 3. Nd2 c5 4. exd5 exd5 5. Bb5+ Nc6 6. Qe2+ Be7 7. dxc5 Nf6 8.
Nb3 O-O 9. Be3 a6 10. Bxc6 bxc6 11. O-O-O a5 12. f3 Ba6 13. Qf2 Re8 14. Kb1 a4
15. Nc1 Nd7 16. Nh3 Qa5 17. Nd3 Bxd3 18. Rxd3 Ne5 19. Rdd1 Nc4 20. Bd4 Reb8 21.
Ka1 Bxc5 22. Bxc5 Rxb2 23. Rd3 Qb5 24. Ba7 Rxa2+ 0-1

[Event "XVIII Festival"]
[Site "Arco ITA"]
[Date "1996.10.??"]
[Round "8"]
[White "Grosar, Kiti"]
[Black "Rossi, Giampiero"]
[Result "1-0"]
[WhiteElo "2195"]
[BlackElo "2105"]
[PlyCount "111"]
[EventDate "1996.10.28"]

1. e4 c5 2. Nf3 e6 3. c3 d5 4. e5 d4 5. cxd4 cxd4 6. Bd3 Nc6 7. a3 Nge7 8. O-O
Ng6 9. Bxg6 hxg6 10. d3 Be7 11. b4 Qd5 12. Re1 O-O 13. Nbd2 Rd8 14. Bb2 Bd7 15.
Nb3 f6 16. Bxd4 Nxd4 17. Nbxd4 a5 18. Rb1 g5 19. Nc2 Ba4 20. Ne3 Bxd1 21. Nxd5
Rxd5 22. Rexd1 axb4 23. exf6 gxf6 24. axb4 Rad8 25. Ne1 Rd4 26. b5 b6 27. Kf1
R8d5 28. Rb3 Ra4 29. Nc2 Bc5 30. Ke2 Kf7 31. Ne3 Re5 32. g3 Ke7 33. Kf3 Bxe3
34. fxe3 Rc5 35. Rb2 Ra5 36. Rdb1 Rc3 37. Rb3 Rc2 38. R1b2 Ra2 39. Rxa2 Rxa2
40. h4 gxh4 41. gxh4 f5 42. Rb1 Kf6 43. Rh1 Rb2 44. h5 Kg7 45. h6+ Kh7 46. Kf4
Rxb5 47. d4 Rb3 48. Rc1 Kxh6 49. Rc6 Kg7 50. Rxe6 b5 51. Kxf5 b4 52. e4 Ra3 53.
Rb6 b3 54. Rb7+ Kf8 55. d5 Ke8 56. Ke6 1-0

[Event "XVIII Festival"]
[Site "Arco ITA"]
[Date "1996.10.??"]
[Round "8"]
[White "Sulava, Nenad"]
[Black "Genocchio, Daniele"]
[Result "1-0"]
[WhiteElo "2430"]
[BlackElo "2131"]
[PlyCount "33"]
[EventDate "1996.10.28"]

1. d4 c5 2. dxc5 e6 3. Nc3 Na6 4. e4 Nxc5 5. Nf3 Nf6 6. e5 Nfe4 7. Nxe4 Nxe4 8.
Qd4 f5 9. exf6 Nxf6 10. Bd3 Qa5+ 11. Bd2 Qd5 12. Qa4 b6 13. O-O-O Bb7 14. Nd4
a6 15. Nxe6 b5 16. Nc7+ Kf7 17. Qa5 1-0

[Event "XVIII Festival"]
[Site "Arco ITA"]
[Date "1996.10.??"]
[Round "8"]
[White "Wells, Peter K."]
[Black "Zlochevskij, Alexander"]
[Result "1/2-1/2"]
[WhiteElo "2475"]
[BlackElo "2415"]
[PlyCount "30"]
[EventDate "1996.10.28"]

1. Nf3 d6 2. d4 Bg4 3. e4 Nf6 4. Nc3 e6 5. d5 exd5 6. exd5 Be7 7. Be2 Nbd7 8.
Nd4 Bxe2 9. Qxe2 O-O 10. Nf5 Re8 11. Nxe7+ Qxe7 12. Be3 Ne4 13. Nxe4 Qxe4 14.
O-O-O Nb6 15. Qd3 Nc4 1/2-1/2

[Event "XVIII Festival"]
[Site "Arco ITA"]
[Date "1996.10.??"]
[Round "9"]
[White "Duarte, Riccardo"]
[Black "Fuggetta, Leonardo"]
[Result "1-0"]
[WhiteElo "2005"]
[BlackElo "2105"]
[PlyCount "41"]
[EventDate "1996.10.28"]

1. e4 c5 2. f4 g6 3. Nf3 Bg7 4. Bc4 d6 5. c3 e6 6. O-O Ne7 7. d4 O-O 8. dxc5
dxc5 9. Be3 Qc7 10. Nbd2 b6 11. Qe1 Ba6 12. Bxa6 Nxa6 13. Qh4 c4 14. Bd4 Bxd4+
15. Nxd4 Qc5 16. Kh1 Nc6 17. e5 Qe7 18. Qh6 Nxd4 19. cxd4 Rfd8 20. Ne4 Qf8 21.
Nf6+ 1-0

[Event "XVIII Festival"]
[Site "Arco ITA"]
[Date "1996.10.??"]
[Round "9"]
[White "Genocchio, Daniele"]
[Black "Luciani, Valerio"]
[Result "1-0"]
[WhiteElo "2131"]
[BlackElo "2180"]
[PlyCount "37"]
[EventDate "1996.10.28"]

1. e4 e6 2. d4 d5 3. e5 c5 4. c3 Nc6 5. Nf3 Qb6 6. Bd3 cxd4 7. cxd4 Bd7 8. O-O
Nxd4 9. Nxd4 Qxd4 10. Nc3 a6 11. Qe2 Ne7 12. Rd1 Qa7 13. Be3 d4 14. Bxd4 Qxd4
15. Bb5 Qxd1+ 16. Rxd1 Rd8 17. Bxd7+ Rxd7 18. Rxd7 Kxd7 19. Qf3 1-0

[Event "XVIII Festival"]
[Site "Arco ITA"]
[Date "1996.10.??"]
[Round "9"]
[White "Kievelitz, Bernd"]
[Black "Gorelli Fagiolini, Marco"]
[Result "1/2-1/2"]
[WhiteElo "2145"]
[BlackElo "2116"]
[PlyCount "34"]
[EventDate "1996.10.28"]

1. Nf3 Nf6 2. c4 g6 3. Nc3 Bg7 4. e4 d6 5. d4 O-O 6. Be3 Nbd7 7. Be2 e5 8. d5
Nc5 9. Nd2 a5 10. a3 Ne8 11. b4 axb4 12. axb4 Rxa1 13. Qxa1 Na6 14. Qa3 f5 15.
f3 Bh6 16. Nd1 Bxe3 17. Nxe3 Qg5 1/2-1/2

[Event "XVIII Festival"]
[Site "Arco ITA"]
[Date "1996.10.??"]
[Round "9"]
[White "Magrin, Antonio"]
[Black "Wolf, Ulrich Martin"]
[Result "1/2-1/2"]
[WhiteElo "2070"]
[BlackElo "2145"]
[PlyCount "43"]
[EventDate "1996.10.28"]

1. d4 Nf6 2. c4 e6 3. Nc3 d5 4. e3 Be7 5. Nf3 O-O 6. Bd3 Nbd7 7. O-O b6 8. cxd5
exd5 9. Ne5 Bb7 10. f4 c5 11. Qf3 Re8 12. Bd2 a6 13. Rad1 b5 14. Ne2 Rc8 15.
Ng3 cxd4 16. exd4 Qb6 17. Be3 Bf8 18. Bf5 Rc7 19. Bb1 g6 20. h4 Bg7 21. h5 Qd6
22. hxg6 1/2-1/2

[Event "Open A"]
[Site "Venezia ITA"]
[Date "1996.11.??"]
[Round "1"]
[White "Boscolo, Max"]
[Black "Fabris, Alberto"]
[Result "0-1"]
[WhiteElo "1900"]
[BlackElo "2190"]
[PlyCount "136"]
[EventDate "1996.11.01"]

1. Nf3 Nf6 2. g3 d6 3. d4 g6 4. c4 Bg7 5. Bg2 O-O 6. Nc3 c5 7. d5 a6 8. a4 e6
9. O-O exd5 10. cxd5 Re8 11. Nd2 Nbd7 12. Nc4 Ne5 13. Nxe5 Rxe5 14. e4 Rb8 15.
Rb1 b5 16. axb5 axb5 17. b4 c4 18. Be3 Re8 19. Bd4 Bd7 20. f3 Ra8 21. Rf2 Nh5
22. Bxg7 Kxg7 23. Qd4+ Qf6 24. Qxf6+ Nxf6 25. h3 Ra3 26. Rc2 Rea8 27. Rbb2 Ne8
28. f4 f6 29. Kf2 Nc7 30. Ke2 R8a6 31. Kf2 Na8 32. Ra2 Rxc3 33. Rxa6 Rxc2+ 34.
Kf3 Kf7 35. Rxa8 Rb2 36. Rh8 Rxb4 37. Rxh7+ Ke8 38. e5 Rb3+ 39. Kf2 Rb2+ 40.
Kf1 fxe5 41. Be4 Bf5 42. Bxf5 gxf5 43. fxe5 dxe5 44. Rc7 Rb3 45. g4 Rxh3 46.
gxf5 Rf3+ 47. Ke2 Rxf5 48. Rc5 Kd7 49. Rxb5 Kd6 50. Ke3 Rf4 51. Kd2 Rf3 52. Rb8
Kxd5 53. Rd8+ Ke4 54. Rc8 c3+ 55. Kc2 Rh3 56. Re8 Kf4 57. Rf8+ Ke3 58. Kxc3 Rh7
59. Kc4 Rd7 60. Rf5 e4 61. Kc3 Rc7+ 62. Kb2 Kd3 63. Rd5+ Ke2 64. Rd8 e3 65. Rd6
Ke1 66. Re6 e2 67. Kb1 Rf7 68. Kc1 Kf1 0-1

[Event "Open A"]
[Site "Venezia ITA"]
[Date "1996.11.??"]
[Round "1"]
[White "Cristiani, Cesare"]
[Black "Santolini, Luigi"]
[Result "1/2-1/2"]
[WhiteElo "2025"]
[BlackElo "2235"]
[PlyCount "49"]
[EventDate "1996.11.01"]

1. f4 d5 2. Nf3 Nf6 3. g3 g6 4. Bg2 Bg7 5. O-O O-O 6. d3 d4 7. c3 c5 8. cxd4
cxd4 9. Na3 Nc6 10. Bd2 Be6 11. Qa4 Qd7 12. Rfc1 Nd5 13. Ng5 Bg4 14. Qb3 Nf6
15. Qd1 h6 16. Nf3 Nd5 17. Nc4 Rac8 18. Qf1 Kh7 19. h3 Be6 20. Kh2 b5 21. Nce5
Nxe5 22. fxe5 Nb6 23. Qf2 Rxc1 24. Rxc1 Rd8 25. b3 1/2-1/2

[Event "Open A"]
[Site "Venezia ITA"]
[Date "1996.11.??"]
[Round "1"]
[White "Ferretti, Folco"]
[Black "Mordiglia, Riccardo"]
[Result "0-1"]
[WhiteElo "2290"]
[BlackElo "2100"]
[PlyCount "82"]
[EventDate "1996.11.01"]

1. e4 b6 2. d4 Bb7 3. Bd3 e6 4. Nf3 Nf6 5. Qe2 c5 6. c3 Be7 7. O-O Nc6 8. a3
Na5 9. Nbd2 c4 10. Bc2 Qc7 11. Re1 b5 12. Rb1 h6 13. d5 e5 14. b4 cxb3 15. Bd3
a6 16. Nxb3 Nxb3 17. Rxb3 O-O 18. Nh4 d6 19. Nf5 Bc8 20. g4 Bxf5 21. gxf5 Nh7
22. c4 Bg5 23. Bxg5 Nxg5 24. cxb5 Nh3+ 25. Kh1 Qc5 26. f6 axb5 27. fxg7 Rfc8
28. Bxb5 Rxa3 29. Rxa3 Qxa3 30. Bd7 Nf4 31. Qg4 Rc1 32. Rxc1 Qxc1+ 33. Qg1 Qc3
34. Bg4 Qd3 35. Qe1 h5 36. Bd1 Qh3 37. Qg1 Qd3 38. f3 Qd2 39. h4 Nh3 40. Qf1
Nf2+ 41. Kh2 Ng4+ 0-1

[Event "Open A"]
[Site "Venezia ITA"]
[Date "1996.11.??"]
[Round "1"]
[White "Guid, Matej"]
[Black "Rossato, Armando"]
[Result "1-0"]
[WhiteElo "2155"]
[BlackElo "1920"]
[PlyCount "69"]
[EventDate "1996.11.01"]

1. d4 d5 2. c4 e6 3. Nc3 Be7 4. Nf3 c6 5. e3 Nf6 6. Qc2 Nbd7 7. Bd3 dxc4 8.
Bxc4 b5 9. Bd3 Bb7 10. O-O Rc8 11. a3 Qc7 12. e4 a6 13. e5 Nd5 14. b4 N7b6 15.
Ne4 Na4 16. Bg5 f6 17. exf6 gxf6 18. Bh6 a5 19. bxa5 Rg8 20. Ng3 f5 21. Ne5
Nac3 22. Nxf5 c5 23. Ng7+ Rxg7 24. Bxg7 cxd4 25. Qd2 Nf6 26. Qg5 Nfd5 27. Qh5+
Kd8 28. Qxh7 Qxa5 29. Qg8+ Kc7 30. Qxe6 Kb8 31. Nd7+ Ka8 32. Bxd4 Nf4 33. Nb6+
Qxb6 34. Qxb6 Nh3+ 35. Kh1 1-0

[Event "Open A"]
[Site "Venezia ITA"]
[Date "1996.11.??"]
[Round "1"]
[White "Pastres, Roberto"]
[Black "Bianchi, Andrea"]
[Result "1/2-1/2"]
[WhiteElo "2215"]
[BlackElo "2012"]
[PlyCount "50"]
[EventDate "1996.11.01"]

1. d4 d5 2. c4 e6 3. Nc3 Be7 4. cxd5 exd5 5. Bf4 Nf6 6. e3 Bf5 7. Nge2 c6 8.
Nc1 Nbd7 9. Bd3 Bxd3 10. Nxd3 O-O 11. O-O Re8 12. b4 Nf8 13. Rb1 Ne6 14. Bg3
Bd6 15. Na4 Bxg3 16. hxg3 Ne4 17. Qc2 Nd6 18. Qc3 b5 19. Nab2 Nc4 20. Ne5 Qd6
21. Nbxc4 dxc4 22. Rfe1 Ng5 23. Qc2 f6 24. Nf3 Ne4 25. Nd2 Nxd2 1/2-1/2

[Event "Open A"]
[Site "Venezia ITA"]
[Date "1996.11.??"]
[Round "1"]
[White "Redo, Nicola"]
[Black "Mosca, Leonildo"]
[Result "1-0"]
[WhiteElo "2190"]
[BlackElo "1948"]
[PlyCount "77"]
[EventDate "1996.11.01"]

1. Nf3 d5 2. g3 Nf6 3. Bg2 c6 4. O-O Bf5 5. d3 e6 6. Nbd2 Be7 7. Qe1 Nbd7 8. e4
dxe4 9. dxe4 Bg6 10. Qe2 O-O 11. h3 e5 12. a4 Qc7 13. Nh4 a5 14. Nxg6 hxg6 15.
Nc4 Bc5 16. Bd2 Bd4 17. Ra2 Ne8 18. Kh1 Nd6 19. c3 Nxc4 20. Qxc4 Ba7 21. Bf3
Nc5 22. Kg2 Ne6 23. Raa1 Rad8 24. Rad1 Rd6 25. Bc1 Rfd8 26. Rxd6 Rxd6 27. Bg4
Qd8 28. h4 Qe7 29. Qe2 Qd8 30. Qc2 Qc7 31. Rh1 b5 32. h5 Nf8 33. hxg6 Nxg6 34.
Bf5 Ne7 35. Qe2 Nxf5 36. exf5 Qe7 37. Qh5 f6 38. Qg6 Qf7 39. Rh8+ 1-0